|
|
|
|
| LEADER |
00000nab a2200000uu 4500 |
| 001 |
vtls011492170 |
| 003 |
SK-MaSNL |
| 005 |
20260304172946.0 |
| 008 |
230218|2005 xo |||||||||||||||||cze| |
| 015 |
|
|
|a SNBRB
|
| 035 |
|
|
|a (urnnbn)urn:nbn:sk:snk:ar-007mw4
|
| 035 |
|
|
|a (uuid)832766ca-b655-4fd6-baf8-31435a87a4a5
|
| 035 |
|
|
|a urn:nbn:sk:snk-abdgyw
|
| 040 |
|
|
|a SNKBUCL
|b slo
|c SNKBUCL
|e AACR2
|
| 041 |
0 |
|
|a cze
|
| 044 |
|
|
|a xo
|c SK
|
| 100 |
1 |
|
|a Ševčík, Pavel,
|d 1953-
|4 aut
|9 166096
|
| 245 |
1 |
0 |
|a Gastrointestinální trakt u kriticky nemocných
|c Pavel Ševčík, Roman Kula
|
| 700 |
1 |
|
|a Kula, Roman,
|d 1957-
|4 aut
|9 10872
|
| 773 |
0 |
|
|t Česká a slovenská gastroenterologie a hepatologie : časopis České gastroenterologické a Hepatologické společnosti a Slovenskej gastroenterologickej a Slovenskej hepatologickej spoločnosti
|g Roč. 59, č. 1 (2005), s. 31-37
|
| 954 |
|
|
|a odborná, vedecká literatúra cudzojazyčná (svetová)
|2 lita
|
| 958 |
|
|
|a OND
|
| 958 |
|
|
|a EUIPO
|
| 958 |
|
|
|a article18
|
| 999 |
|
|
|c 3000921
|d 3002851
|